[Event "OP-2010-0-01292"]
[Site "LSS email"]
[Date "2010.10.21"]
[Round "?"]
[White "Cousteix, Thierry"]
[Black "Santos, Sebastiao"]
[Result "0-1"]
[WhiteElo "1000"]
[BlackElo "1719"]
[PlyCount "58"]
[EventDate "2010.10.15"]
[EventType "tourn (corr)"]
[EventRounds "4"]
[EventCountry "GER"]
[SourceTitle "Telechess CBM 143"]
[Source "ChessBase"]
[SourceDate "2011.07.15"]
[SourceVersion "1"]
[SourceVersionDate "2011.07.15"]
[SourceQuality "1"]

1. Nf3 Nf6 2. d4 d5 3. c4 e6 4. Nc3 Be7 5. Bg5 0-0 6. e3 h6 7. Bxf6 Bxf6 8. Bd3 c5 9. Bc2 dxc4 10. 0-0 cxd4 11. exd4 Nc6 12. Ne2 e5 13. dxe5 Nxe5 14. Qxd8 Nxf3+ 15. gxf3 Rxd8 16. Rad1 Bh3 17. Rxd8+ Rxd8 18. Rd1 Rxd1+ 19. Bxd1 Bxb2 20. Nf4 Bd7 21. Nd5 c3 22. Bc2 Be6 23. Ne7+ Kf8 24. Nf5 Bxa2 25. Ne3 b5 26. Kf1 a5 27. Ke2 a4 28. Kd3 a3 29. Nd1 Bc4+ 0-1

[Event "FICGS class F 000007 email"]
[Site "FICGS email"]
[Date "2006.08.02"]
[Round "1"]
[White "Sarihan, Sefa"]
[Black "Cousteix, Thierry"]
[Result "1-0"]
[WhiteElo "1000"]
[BlackElo "1254"]
[PlyCount "77"]
[EventDate "2006.??.??"]
[EventType "tourn (corr)"]
[EventRounds "5"]
[SourceTitle "Corr 2022"]
[Source "ChessBase"]
[SourceDate "2021.10.24"]
[SourceVersion "1"]
[SourceVersionDate "2021.10.24"]
[SourceQuality "1"]

1. e4 e6 2. d4 d5 3. exd5 exd5 4. Bd3 Nc6 5. c3 Nf6 6. Ne2 Bd6 7. Bg5 0-0 8. Nd2 Re8 9. Bxf6 Qxf6 10. 0-0 Qh6 11. Ng3 Ne7 12. Nf3 Bxg3 13. fxg3 Bg4 14. Qb3 b6 15. Rae1 Be6 16. Ne5 Rab8 17. Rf4 f6 18. Nf3 Ng6 19. Bxg6 Qxg6 20. Qb5 c6 21. Qxc6 Qd3 22. Rxe6 Qb1+ 23. Ne1 Rxe6 24. Qxe6+ Kh8 25. Rf2 Qxa2 26. Re2 h6 27. Nd3 Qb1+ 28. Ne1 a5 29. h4 a4 30. Qxd5 b5 31. Kh2 Qg6 32. Nf3 b4 33. cxb4 Rxb4 34. Qd8+ Kh7 35. Re8 Qxe8 36. Qxe8 Rxb2 37. Qxa4 Re2 38. Qd1 Re7 39. d5 1-0

[Event "FICGS class E 000001 email"]
[Site "FICGS email"]
[Date "2006.04.10"]
[Round "1"]
[White "Cousteix, Thierry"]
[Black "Guralivu, Paul Iosif"]
[Result "1-0"]
[WhiteElo "1310"]
[BlackElo "1600"]
[PlyCount "27"]
[EventDate "2006.??.??"]
[EventType "tourn (corr)"]
[EventRounds "5"]
[SourceTitle "Corr 2022"]
[Source "ChessBase"]
[SourceDate "2021.10.24"]
[SourceVersion "1"]
[SourceVersionDate "2021.10.24"]
[SourceQuality "1"]

1. d4 d5 2. c4 e6 3. Nc3 Nf6 4. e3 Bb4 5. Nf3 c5 6. Be2 Nc6 7. 0-0 0-0 8. Ng5 h6 9. Nf3 Bxc3 10. bxc3 Na5 11. Ne5 Ne4 12. Bb2 b6 13. cxd5 exd5 14. f3 1-0

[Event "FICGS class E 000001 email"]
[Site "FICGS email"]
[Date "2006.04.10"]
[Round "1"]
[White "Paine, Kevin"]
[Black "Cousteix, Thierry"]
[Result "1-0"]
[WhiteElo "1395"]
[BlackElo "1310"]
[PlyCount "25"]
[EventDate "2006.??.??"]
[EventType "tourn (corr)"]
[EventRounds "5"]
[SourceTitle "Corr 2022"]
[Source "ChessBase"]
[SourceDate "2021.10.24"]
[SourceVersion "1"]
[SourceVersionDate "2021.10.24"]
[SourceQuality "1"]

1. e4 e5 2. Nf3 Nc6 3. Bb5 a6 4. Ba4 b5 5. Bb3 Nf6 6. 0-0 Bc5 7. c3 0-0 8. d4 Bb6 9. Bg5 Na5 10. dxe5 Nxe4 11. Bxd8 Rxd8 12. Qd5 Rf8 13. Qxe4 1-0